UMELECKÝ A ĽUDSKÝ ODKAZ GÉRARDA PHILIPA

Podrobná bibliografia
Hlavný autor: Blech, Richard, 1930-2017 (Autor)
Médium: Článok
Jazyk:slovenčina

MARC

LEADER 00000nab a2200000ua 4500
001 vtls010752419
003 SK-MaSNL
005 20260304202237.0
008 250718s1959 xo |||||||||||||||||slo|
035 |a (urnnbn)urn:nbn:sk:snk:ar-a00dew 
035 |a (uuid)385edc82-b125-4474-8515-d590a5f66ea4 
035 |a urn:nbn:sk:snk-ab476q 
040 |a SNKBUCL  |b slo  |c SNKBUCL  |e AACR2 
041 0 |a slo 
044 |a xo  |c SK 
100 1 |a Blech, Richard,  |d 1930-2017  |4 aut  |9 221735 
245 1 0 |a UMELECKÝ A ĽUDSKÝ ODKAZ GÉRARDA PHILIPA  |c Richard Blech 
773 0 |t Film a divadlo  |g Roč. 3, č. 24 (1959), s. [5]-12 
850 |a Slovenská národná knižnica 
852 |a Slovenská národná knižnica 
954 |a odborná, vedecká literatúra pôvodná (slovenská)  |2 lita 
958 |a article3 
958 |a OND 
958 |a EUIPO 
999 |c 3101608  |d 3103538